Statistiken für Hauptstädte, die mit B beginnen

Klicken Sie hier um das Quiz zu spielen!

Allgemein

  • Dieses Quiz wurde 2.004 mal gespielt
  • Das Durchschnittsergebnis liegt bei 17 aus 25

Antwortstatistiken

Hauptstädte% Korrekt
Berlin
95%
Brüssel
87%
Bern
86%
Budapest
86%
Bukarest
86%
Brasilia
82%
Bagdad
77%
Belgrad
77%
Bogota
77%
Bratislava
77%
Bangkok
75%
Buenos Aires
71%
Bamako
68%
Baku
67%
Beirut
66%
Belmopan
66%
Bischkek
63%
Bangui
61%
Banjul
60%
Brazzaville
58%
Bridgetown
56%
Bandar Seri Begawan
51%
Basseterre
49%
Bissau
47%
Bujumbura
43%

Verteilung der Resultate

Perzentil nach korrekt beantworteten Fragen

Anzahl Personen mit jedem Resultat

Ihre Resultats-Entwicklung

Sie haben dieses Quiz noch nicht gespielt